Normal view
MARC view
Entry Personal Name
001 - CONTROL NUMBER
- control field: 45282
003 - CONTROL NUMBER IDENTIFIER
- control field: ARRUPE
005 - DATE AND TIME OF LATEST TRANSACTION
- control field: 20190320094946.0
008 - FIXED-LENGTH DATA ELEMENTS
- fixed length control field: 190320|| aca||aabn | a|a d
040 ## - CATALOGING SOURCE
- Original cataloging agency: ARRUPE
- Transcribing agency: ARRUPE
100 ## - HEADING--PERSONAL NAME
- Personal name: Huggins, Derek
670 ## - SOURCE DATA FOUND
- Source citation: Work cat.: (ARRUPE)3336: Huggins, Derek, Stained earth, 2004